<?xml version="1.0" encoding="UTF-8"?><?xml-stylesheet type="text/xsl" href="static/style.xsl"?><OAI-PMH xmlns="http://www.openarchives.org/OAI/2.0/" xmlns:xsi="http://www.w3.org/2001/XMLSchema-instance" xsi:schemaLocation="http://www.openarchives.org/OAI/2.0/ http://www.openarchives.org/OAI/2.0/OAI-PMH.xsd"><responseDate>2026-04-18T01:32:39Z</responseDate><request verb="GetRecord" identifier="oai:www.recercat.cat:10230/27383" metadataPrefix="marc">https://recercat.cat/oai/request</request><GetRecord><record><header><identifier>oai:recercat.cat:10230/27383</identifier><datestamp>2025-12-25T19:57:18Z</datestamp><setSpec>com_2072_6</setSpec><setSpec>col_2072_452954</setSpec></header><metadata><record xmlns="http://www.loc.gov/MARC21/slim" xmlns:dcterms="http://purl.org/dc/terms/" xmlns:xsi="http://www.w3.org/2001/XMLSchema-instance" xmlns:doc="http://www.lyncode.com/xoai" xsi:schemaLocation="http://www.loc.gov/MARC21/slim http://www.loc.gov/standards/marcxml/schema/MARC21slim.xsd">
   <leader>00925njm 22002777a 4500</leader>
   <datafield ind2=" " ind1=" " tag="042">
      <subfield code="a">dc</subfield>
   </datafield>
   <datafield ind2=" " ind1=" " tag="720">
      <subfield code="a">Lizarte Cáceres, Elena</subfield>
      <subfield code="e">author</subfield>
   </datafield>
   <datafield ind2=" " ind1=" " tag="260">
      <subfield code="c">2016-10-06T08:53:42Z</subfield>
   </datafield>
   <datafield ind2=" " ind1=" " tag="260">
      <subfield code="c">2016-10-06T08:53:42Z</subfield>
   </datafield>
   <datafield ind2=" " ind1=" " tag="260">
      <subfield code="c">2016-10-06</subfield>
   </datafield>
   <datafield ind2=" " ind1=" " tag="520">
      <subfield code="a">Tutor: Jesús Álvarez Valdés</subfield>
   </datafield>
   <datafield ind2=" " ind1=" " tag="520">
      <subfield code="a">L’objectiu d’aquest projecte és estudiar la viabilitat d’un hotel rural Pet Friendly de tres estrelles amb restaurant i serveis innovadors en la localitat de Tagamanent, paratge rural pròxim a la ciutat de Barcelona. El propòsit primordial serà doncs, analitzar si l’empresa seria viable i, investigar sobre aquest nou tipus de turisme que actualment té poca oferta en el mercat./nPer tal de respondre aquestes qüestions he definit el negoci, he investigat sobre a qui va/ndirigit, la seva competència y quins són els factors de l’entorn que l’afecten tant en el mercat turístic com el mascota./nFinalment analitzats tots aquests factors realitzaré un pla de màrqueting per tenir un punt de vista comercial a part del econòmic.</subfield>
   </datafield>
   <datafield tag="653" ind2=" " ind1=" ">
      <subfield code="a">Estudi de viabilitat</subfield>
   </datafield>
   <datafield ind2="0" ind1="0" tag="245">
      <subfield code="a">Proyecto de viabilidad de un hotel Pet Friendly en Barcelona</subfield>
   </datafield>
</record></metadata></record></GetRecord></OAI-PMH>